[Event "First Saturday IM May 2014"]
[Site "Budapest"]
[Date "2014.05.03"]
[Round "1.1"]
[White "Farkas, Richard"]
[Black "Chakravarthi, Y.V.K."]
[Result "1-0"]
[WhiteElo "2260"]
[BlackElo "2147"]
[PlyCount "41"]
[EventDate "2014.05.03"]

1. e4 e6 2. d4 d5 3. exd5 exd5 4. Nf3 Bd6 5. c4 Nf6 6. Nc3 O-O 7. cxd5 Nxd5 8.
Nxd5 Bxh2 9. Nc3 Bd6 10. Be3 Re8 11. Bd3 h6 12. Qd2 Nc6 13. O-O-O Nb4 14. Bb1
Bf8 15. a3 Nc6 16. Qd3 g6 17. Bxh6 Na5 18. Ba2 Bf5 19. Qd2 Be6 20. Bxf8 Bxa2
21. Rh8+ 1-0

[Event "First Saturday IM May 2014"]
[Site "Budapest"]
[Date "2014.05.03"]
[Round "1.2"]
[White "Al-Ali, Hussein Ali Hussein"]
[Black "Szalanczy, Emil"]
[Result "1/2-1/2"]
[WhiteElo "2259"]
[BlackElo "2266"]
[PlyCount "136"]
[EventDate "2014.05.03"]

1. e4 c5 2. Nf3 d6 3. d4 cxd4 4. Nxd4 Nf6 5. Nc3 g6 6. Bc4 Bg7 7. O-O O-O 8.
Re1 Nc6 9. Bb3 Bd7 10. h3 Rc8 11. Be3 Ne5 12. Qe2 Rxc3 13. bxc3 Nxe4 14. c4 Qa5
15. f3 Nc5 16. Rad1 Rc8 17. Bf2 Ne6 18. Nxe6 Bxe6 19. c5 Bxb3 20. axb3 dxc5 21.
Rd5 Nc6 22. Rxc5 Qc7 23. Rd1 h5 24. Rcd5 b6 25. Rd7 Qf4 26. Qe4 Qxe4 27. fxe4
Be5 28. c4 Bd6 29. Rb7 Kg7 30. Kf1 Kf6 31. Be1 Ke6 32. Bc3 g5 33. Ke2 f6 34.
Rd5 Rg8 35. b4 Ra8 36. c5 Nd8 37. Rxb6 axb6 38. cxd6 exd6 39. Rf5 Ra2+ 40. Kf1
Rc2 41. Bxf6 Nc6 42. b5 Na5 43. Bxg5 Nc4 44. Bf4 h4 45. Rh5 Rb2 46. Rxh4 Rxb5
47. Ke2 Rb2+ 48. Kd3 b5 49. Rg4 Rb3+ 50. Kc2 Ra3 51. h4 b4 52. Rg6+ Kf7 53. Rg3
Rxg3 54. Bxg3 b3+ 55. Kxb3 Nd2+ 56. Kc2 Nxe4 57. Bf4 Kg6 58. Kd3 d5 59. Kd4 Kf5
60. Be5 Nf2 61. Kxd5 Ng4 62. Bd4 Nh6 63. Be3 Ng4 64. Bg5 Nf2 65. Kd4 Kg6 66.
Ke3 Ng4+ 67. Kf4 Kh5 68. Kf3 Ne5+ 1/2-1/2

[Event "First Saturday IM May 2014"]
[Site "Budapest"]
[Date "2014.05.03"]
[Round "1.4"]
[White "Fang, Yuxiang"]
[Black "Nguyen, Thi Mai Hung"]
[Result "1-0"]
[WhiteElo "2348"]
[BlackElo "2316"]
[PlyCount "139"]
[EventDate "2014.05.03"]

1. Nf3 d5 2. d4 Nf6 3. c4 c6 4. Nc3 e6 5. cxd5 exd5 6. Bg5 Be7 7. Qc2 Nbd7 8.
e3 O-O 9. Bd3 Re8 10. O-O Nf8 11. Rab1 Ne4 12. Bxe7 Qxe7 13. b4 a6 14. a4 Bg4
15. Ne5 Nxc3 16. Qxc3 Bh5 17. Bc2 Rad8 18. Bd1 Bg6 19. Bc2 Rd6 20. b5 Bxc2 21.
Qxc2 axb5 22. axb5 Rc8 23. bxc6 bxc6 24. Rfc1 Ng6 25. Qf5 Qe6 26. Qxe6 Rxe6 27.
Nd7 h5 28. g3 Ne7 29. Rb7 Nf5 30. Nb6 Rd8 31. Rc7 Ne7 32. Ra1 Nf5 33. Raa7 Nh6
34. Nd7 Ng4 35. h3 Nh6 36. Ne5 Rb8 37. Rxc6 Rb1+ 38. Kg2 Rxc6 39. Nxc6 Rb5 40.
Ne7+ Kf8 41. Rd7 g6 42. Nxd5 Rb2 43. Nf6 Nf5 44. Kf3 Rb6 45. Rd8+ Kg7 46. Ne8+
Kh6 47. Rd7 Rb8 48. Nd6 Nxd6 49. Rxd6 f5 50. h4 Rb2 51. Rd7 Ra2 52. Rb7 Rd2 53.
Rb1 Kg7 54. Rf1 Kf6 55. Kf4 Re2 56. f3 Rd2 57. Ra1 Rd3 58. Ra6+ Kf7 59. Rd6 Rd1
60. e4 fxe4 61. fxe4 Rf1+ 62. Ke5 Rf3 63. Rd7+ Ke8 64. Ke6 Rxg3 65. Ra7 Kf8 66.
d5 Rg4 67. e5 Rxh4 68. d6 Rb4 69. Ra8+ Kg7 70. d7 1-0

[Event "First Saturday IM May 2014"]
[Site "Budapest"]
[Date "2014.05.03"]
[Round "1.5"]
[White "Szeberenyi, Adam"]
[Black "Keschitz, Gyorgy"]
[Result "1/2-1/2"]
[WhiteElo "2332"]
[BlackElo "2280"]
[PlyCount "54"]
[EventDate "2014.05.03"]

1. d4 d5 2. c4 c6 3. Nf3 Nf6 4. e3 a6 5. Qc2 g6 6. Bd3 Bg7 7. O-O O-O 8. Nbd2
b6 9. c5 bxc5 10. Qxc5 Nfd7 11. Qc2 e5 12. Nxe5 Nxe5 13. dxe5 Bxe5 14. Nf3 Bg7
15. Bd2 Qb6 16. Bc3 c5 17. Bxg7 Kxg7 18. Rfd1 Bb7 19. Qc3+ f6 20. Rac1 Nd7 21.
Bc4 Qe6 22. Bb3 Rac8 23. Qd2 Nb6 24. Qa5 Qd6 25. Qa3 Rfd8 26. Bxd5 Nxd5 27. e4
Qb6 1/2-1/2

[Event "First Saturday IM May 2014"]
[Site "Budapest"]
[Date "2014.05.03"]
[Round "1.6"]
[White "Atabayev, Saparmyrat"]
[Black "Mathe, Gaspar"]
[Result "1-0"]
[WhiteElo "2273"]
[BlackElo "2352"]
[PlyCount "67"]
[EventDate "2014.05.03"]

1. e4 d5 2. exd5 Qxd5 3. Nc3 Qd6 4. d4 Nf6 5. g3 Bg4 6. f3 Bf5 7. Bf4 Qd7 8. d5
e6 9. Bb5 c6 10. dxc6 Nxc6 11. Qxd7+ Nxd7 12. O-O-O e5 13. Be3 a6 14. Bxc6 bxc6
15. Nge2 Nc5 16. f4 f6 17. fxe5 fxe5 18. Rhf1 g6 19. g4 Bxg4 20. Rxf8+ Rxf8 21.
Bxc5 Rf7 22. Re1 O-O-O 23. Ng3 h5 24. Nge4 Kc7 25. Na4 Rd5 26. b4 Rf3 27. Nb6
Rxc5 28. bxc5 h4 29. Nd6 Rf2 30. Rxe5 Rxh2 31. Re7+ Kd8 32. Re8+ Kc7 33. Nbc4
Re2 34. Ne5 1-0

[Event "First Saturday IM May 2014"]
[Site "Budapest"]
[Date "2014.05.04"]
[Round "2.1"]
[White "Chakravarthi, Y.V.K."]
[Black "Mathe, Gaspar"]
[Result "1/2-1/2"]
[WhiteElo "2147"]
[BlackElo "2352"]
[PlyCount "63"]
[EventDate "2014.05.03"]

1. d4 d5 2. c4 dxc4 3. e3 e6 4. Bxc4 c5 5. Nf3 Nf6 6. O-O cxd4 7. exd4 a6 8. a4
Nc6 9. Nc3 Nb4 10. Bf4 b6 11. Re1 Bb7 12. Ng5 Nbd5 13. Be5 Be7 14. Qd3 h6 15.
Qh3 Qd7 16. Nce4 Nxe4 17. Nxe4 O-O 18. Qg3 f6 19. Bd6 Bxd6 20. Qxd6 Qf7 21. Qg3
Qd7 22. a5 f5 23. Qd6 Qc8 24. Rac1 fxe4 25. Bxd5 Bxd5 26. Rxc8 Raxc8 27. Qxb6
Rc2 28. Rf1 Bc4 29. Qc6 Rfxf2 30. Qa8+ Kh7 31. Qxe4+ g6 32. Qb7+ 1/2-1/2

[Event "First Saturday IM May 2014"]
[Site "Budapest"]
[Date "2014.05.04"]
[Round "2.2"]
[White "Keschitz, Gyorgy"]
[Black "Atabayev, Saparmyrat"]
[Result "1/2-1/2"]
[WhiteElo "2280"]
[BlackElo "2273"]
[PlyCount "155"]
[EventDate "2014.05.03"]

1. d4 Nf6 2. Nf3 g6 3. Bf4 Bg7 4. e3 O-O 5. Be2 d6 6. O-O b6 7. h3 Bb7 8. a4 a5
9. c3 Nbd7 10. Nbd2 Re8 11. Bh2 e5 12. dxe5 dxe5 13. Bb5 Qe7 14. Qe2 Nd5 15.
Rfd1 c6 16. Bc4 Kh8 17. e4 Nf4 18. Bxf4 exf4 19. Nb3 Rad8 20. Nbd4 Bf6 21. Re1
Kg7 22. Rad1 Ne5 23. Nxe5 Qxe5 24. Nf3 Qxe4 25. Qxe4 Rxe4 26. Rxd8 Rxe1+ 27.
Nxe1 Bxd8 28. Be2 c5 29. Bf3 Ba6 30. Bd5 Be2 31. Nf3 Kf6 32. Nd2 Bc7 33. f3 Ba6
34. Kf2 h5 35. Bc4 Bc8 36. Ke2 g5 37. Ne4+ Kg6 38. Bb5 f5 39. Be8+ Kh6 40. Nf6
Be6 41. Nxh5 Be5 42. Kf2 Bc8 43. g4 fxg3+ 44. Nxg3 f4 45. Nf1 Bxh3 46. Nh2 Kg7
47. Ng4 Bd6 48. Bb5 Kg6 49. Be8+ Kg7 50. Bb5 Kf7 51. Bd3 Bf8 52. Ke2 Ke6 53.
Bc4+ Kd6 54. Kf2 Be7 55. Ke2 Bd8 56. Kf2 Ke7 57. Ke2 Kf8 58. Kf2 Kg7 59. Bd3
Be7 60. Ke2 Bd6 61. Kf2 c4 62. Bxc4 Bc5+ 63. Ke2 Kg6 64. Be6 Bxg4 65. Bxg4 Kf6
66. Kd3 Ke5 67. Kc4 Kd6 68. b4 axb4 69. cxb4 Be3 70. Kb5 Kc7 71. a5 bxa5 72.
bxa5 Kb8 73. Kc6 Ka7 74. Kb5 Bf2 75. Bf5 Be3 76. Bg4 Bf2 77. Bf5 Be3 78. Bg4
1/2-1/2

[Event "First Saturday IM May 2014"]
[Site "Budapest"]
[Date "2014.05.04"]
[Round "2.3"]
[White "Nguyen, Thi Mai Hung"]
[Black "Szeberenyi, Adam"]
[Result "1-0"]
[WhiteElo "2316"]
[BlackElo "2332"]
[PlyCount "45"]
[EventDate "2014.05.03"]

1. d4 Nf6 2. Nf3 e6 3. e3 c5 4. Bd3 b6 5. O-O Bb7 6. c4 cxd4 7. exd4 Be7 8. Nc3
O-O 9. d5 exd5 10. cxd5 Bb4 11. Ne4 Nxe4 12. Bxe4 Ba6 13. d6 Nc6 14. a3 Bc5 15.
b4 Bxf1 16. Kxf1 Qf6 17. Bg5 Qe6 18. Bxc6 dxc6 19. bxc5 bxc5 20. Be7 Rfb8 21.
Qc2 Rb7 22. Re1 Qd5 23. Re5 1-0

[Event "First Saturday IM May 2014"]
[Site "Budapest"]
[Date "2014.05.04"]
[Round "2.5"]
[White "Szalanczy, Emil"]
[Black "Annageldyev, Orazly"]
[Result "0-1"]
[WhiteElo "2266"]
[BlackElo "2374"]
[PlyCount "96"]
[EventDate "2014.05.03"]

1. e4 g6 2. d4 Bg7 3. Nc3 c6 4. Nf3 d5 5. h3 Nh6 6. Bf4 dxe4 7. Nxe4 Nf5 8. c3
O-O 9. Bd3 Qb6 10. Qe2 Rd8 11. O-O h6 12. Bc4 e6 13. b4 a5 14. a3 Qa7 15. Bc7
Rd7 16. Be5 Rd8 17. Nf6+ Kh8 18. g4 Nd6 19. Bd3 b6 20. Qe3 Ba6 21. Nh5 f6 22.
Bxd6 Bxd3 23. Qxd3 gxh5 24. Bxb8 Raxb8 25. gxh5 Qf7 26. Qg6 Rb7 27. Nh4 Rd5 28.
Qxf7 Rxf7 29. Ng6+ Kh7 30. Nf4 Rg5+ 31. Kh2 e5 32. Ne6 Rxh5 33. f4 exf4 34.
Rxf4 Re7 35. Re4 Kh8 36. Rae1 Rf5 37. c4 Rf2+ 38. Kg3 Ra2 39. R4e3 axb4 40.
axb4 h5 41. Kh4 Bh6 42. Rf3 Rg2 43. Re4 Bg5+ 44. Kxh5 Bf4 45. Nf8 Rg5+ 46. Kh6
Rxe4 47. Ng6+ Kg8 48. Nxf4 Re7 0-1

[Event "First Saturday IM May 2014"]
[Site "Budapest"]
[Date "2014.05.04"]
[Round "2.6"]
[White "Farkas, Richard"]
[Black "Al-Ali, Hussein Ali Hussein"]
[Result "1/2-1/2"]
[WhiteElo "2260"]
[BlackElo "2259"]
[PlyCount "42"]
[EventDate "2014.05.03"]

1. d4 d5 2. Nf3 Nf6 3. c4 e6 4. Nc3 c5 5. cxd5 Nxd5 6. e4 Nxc3 7. bxc3 cxd4 8.
cxd4 Bb4+ 9. Bd2 Bxd2+ 10. Qxd2 O-O 11. Be2 b6 12. O-O Nd7 13. Rfe1 Bb7 14. Bf1
Qe7 15. Rac1 Rfc8 16. Rxc8+ Rxc8 17. Bd3 h6 18. Rc1 Qd8 19. Rxc8 Qxc8 20. Qc2
Qxc2 21. Bxc2 Ba6 1/2-1/2

[Event "First Saturday IM May 2014"]
[Site "Budapest"]
[Date "2014.05.05"]
[Round "3.1"]
[White "Al-Ali, Hussein Ali Hussein"]
[Black "Chakravarthi, Y.V.K."]
[Result "1-0"]
[WhiteElo "2259"]
[BlackElo "2147"]
[PlyCount "89"]
[EventDate "2014.05.03"]

1. e4 e6 2. d3 d5 3. Nd2 Nf6 4. Ngf3 b6 5. g3 Bc5 6. e5 Nfd7 7. Bg2 Nc6 8. Nb3
f6 9. Nxc5 Nxc5 10. Bf4 Nd7 11. Qe2 g5 12. exf6 gxf4 13. Qxe6+ Ne7 14. Ng5 Nxf6
15. Qf7+ Kd7 16. Qxf6 Qf8 17. Qxf8 Rxf8 18. Nxh7 Rh8 19. Ng5 c6 20. O-O Kc7 21.
Rfe1 Ng6 22. Nf7 Rf8 23. Ne5 Ne7 24. c4 Kd6 25. Rac1 Be6 26. Nxc6 Nxc6 27.
Rxe6+ Kxe6 28. cxd5+ Ke5 29. dxc6 Kd6 30. Be4 Rac8 31. Kg2 Rc7 32. f3 Ke5 33.
g4 Rh8 34. Bf5 Kd5 35. Bd7 Rh6 36. Rc4 Rf6 37. g5 Rf7 38. Re4 Rfxd7 39. cxd7
Rxd7 40. Rxf4 Ke5 41. Rg4 Rxd3 42. g6 Rd8 43. h4 Ke6 44. g7 Rg8 45. Kg3 1-0

[Event "First Saturday IM May 2014"]
[Site "Budapest"]
[Date "2014.05.05"]
[Round "3.2"]
[White "Annageldyev, Orazly"]
[Black "Farkas, Richard"]
[Result "0-1"]
[WhiteElo "2374"]
[BlackElo "2260"]
[PlyCount "86"]
[EventDate "2014.05.03"]

1. e4 e6 2. d4 d5 3. Nc3 Bb4 4. exd5 exd5 5. Bd3 c6 6. Qf3 Qf6 7. Bf4 Bd6 8.
Bxd6 Qxd6 9. O-O-O Ne7 10. Nge2 O-O 11. Kb1 Nd7 12. Nf4 Nf6 13. h3 Ng6 14. Nh5
Nxh5 15. Qxh5 Qf6 16. Rhf1 Qxd4 17. Ne2 Qf6 18. f4 Re8 19. Rde1 Bd7 20. g4 Re3
21. g5 Qd6 22. Rf3 Rae8 23. a3 Rxf3 24. Qxf3 Qc5 25. Rh1 Nh4 26. Qh5 Bf5 27.
Nc1 Qf2 28. Rf1 Qg3 29. Qd1 Be4 30. Bxe4 Rxe4 31. Nd3 Nf5 32. Rg1 Qe3 33. h4 c5
34. Qg4 g6 35. h5 c4 36. hxg6 hxg6 37. Nb4 Rxf4 38. Qd1 Rd4 39. Qf1 a5 40. Na2
Rf4 41. Qd1 d4 42. c3 dxc3 43. Qd8+ Kh7 0-1

[Event "First Saturday IM May 2014"]
[Site "Budapest"]
[Date "2014.05.05"]
[Round "3.3"]
[White "Fang, Yuxiang"]
[Black "Szalanczy, Emil"]
[Result "0-1"]
[WhiteElo "2348"]
[BlackElo "2266"]
[PlyCount "94"]
[EventDate "2014.05.03"]

1. Nf3 c5 2. c4 Nc6 3. g3 g6 4. Nc3 Bg7 5. Bg2 Nf6 6. O-O O-O 7. d4 cxd4 8.
Nxd4 Ng4 9. e3 d6 10. Bxc6 bxc6 11. Nxc6 Qd7 12. Nd4 h5 13. Qe2 Ba6 14. Rd1
Rfc8 15. b3 d5 16. Nxd5 Qxd5 17. Qxg4 Qxc4 18. Qxg6 Qxd4 19. Qxf7+ Kxf7 20.
exd4 Rc2 21. Be3 Rac8 22. a4 Be2 23. Re1 Bf3 24. b4 h4 25. Rac1 hxg3 26. Rxc2
Rxc2 27. hxg3 e6 28. g4 Bf8 29. b5 Bd6 30. Rc1 Ra2 31. d5 Rxa4 32. dxe6+ Kxe6
33. Kf1 Rxg4 34. Rc8 Ra4 35. Ke1 Bb4+ 36. Kf1 Ba5 37. Bg5 Kf7 38. Bh6 Kg6 39.
Be3 Kh7 40. Bg5 Rg4 41. Bf6 Rb4 42. Kg1 Bb7 43. Rc5 Bb6 44. Rg5 Kh6 45. Be7
Rb1+ 46. Kh2 Bxf2 47. Kh3 Bf3 0-1

[Event "First Saturday IM May 2014"]
[Site "Budapest"]
[Date "2014.05.05"]
[Round "3.5"]
[White "Atabayev, Saparmyrat"]
[Black "Nguyen, Thi Mai Hung"]
[Result "0-1"]
[WhiteElo "2273"]
[BlackElo "2316"]
[PlyCount "94"]
[EventDate "2014.05.03"]

1. e4 e6 2. d4 d5 3. Nd2 a6 4. Ngf3 c5 5. exd5 exd5 6. dxc5 Bxc5 7. Nb3 Bb6 8.
Be2 Nf6 9. O-O O-O 10. Bf4 Nc6 11. Nfd4 Re8 12. Bf3 Ne5 13. Bg5 h6 14. Bh4 Ng6
15. Bxf6 Qxf6 16. c3 Nf4 17. Qd2 Bd7 18. g3 Nh3+ 19. Kh1 Rad8 20. Rae1 Rxe1 21.
Rxe1 a5 22. Re3 Ng5 23. Bxd5 a4 24. Nc1 Bc6 25. Bg2 Bxd4 26. cxd4 Rxd4 27. Qc2
Qf5 28. Nd3 Bb5 29. Bf1 Ne4 30. Kg1 Ng5 31. Be2 Bc6 32. f4 Qd5 33. Kf2 Qg2+ 34.
Ke1 Qg1+ 35. Kd2 Ne4+ 36. Rxe4 Rxe4 37. Qc5 Qxh2 38. Qf2 Qxf2 39. Nxf2 Re7 40.
Ng4 f6 41. Ne3 g6 42. b4 axb3 43. axb3 Kg7 44. b4 Re8 45. Bd1 Re4 46. f5 Rxb4
47. fxg6 Kxg6 0-1

[Event "First Saturday IM May 2014"]
[Site "Budapest"]
[Date "2014.05.05"]
[Round "3.6"]
[White "Mathe, Gaspar"]
[Black "Keschitz, Gyorgy"]
[Result "1/2-1/2"]
[WhiteElo "2352"]
[BlackElo "2280"]
[PlyCount "99"]
[EventDate "2014.05.03"]

1. e4 e6 2. d4 d5 3. Nc3 Bb4 4. exd5 exd5 5. Bd3 Nf6 6. Nge2 O-O 7. O-O c6 8.
Ng3 b6 9. Nce2 Re8 10. c3 Bf8 11. Qc2 Ba6 12. Bg5 Bxd3 13. Qxd3 h6 14. Bd2 Qc8
15. Nf4 Ne4 16. Nxe4 dxe4 17. Qe3 Nd7 18. c4 Bd6 19. Nh5 Bf8 20. f3 Ne5 21. Qc3
Ng6 22. Rae1 exf3 23. Qxf3 Qd7 24. Bc3 Rxe1 25. Rxe1 Rd8 26. Ng3 Ne7 27. h4 b5
28. b3 bxc4 29. bxc4 Nc8 30. Ne4 Nb6 31. Nd2 Be7 32. Re4 Bf6 33. Rf4 Qe6 34.
Re4 Qd7 35. Kh1 Na4 36. Ba1 c5 37. Nb3 cxd4 38. Bxd4 Bxd4 39. Rxd4 Qe7 40.
Rxd8+ Qxd8 41. g3 Qc8 42. Kh2 Qxc4 43. Qa8+ Kh7 44. Qxa7 Nc3 45. Qf2 Ne4 46.
Nd2 Nxd2 47. Qxd2 g5 48. hxg5 hxg5 49. a3 Kg6 50. Qd6+ 1/2-1/2

[Event "First Saturday IM May 2014"]
[Site "Budapest"]
[Date "2014.05.06"]
[Round "4.1"]
[White "Chakravarthi, Y.V.K."]
[Black "Keschitz, Gyorgy"]
[Result "0-1"]
[WhiteElo "2147"]
[BlackElo "2280"]
[PlyCount "86"]
[EventDate "2014.05.03"]

1. d4 Nf6 2. c4 g6 3. Nc3 d5 4. Bf4 Bg7 5. e3 c5 6. dxc5 Qa5 7. Qa4+ Qxa4 8.
Nxa4 O-O 9. O-O-O Ne4 10. Bg3 Bd7 11. Nc3 Bxc3 12. bxc3 Ba4 13. Rd4 e5 14. Bxe5
Nxf2 15. cxd5 Bd7 16. Rf4 Nxh1 17. g3 f6 18. Bxf6 h6 19. Bg2 g5 20. Rf1 Bb5 21.
Rf3 Nd7 22. Be7 Rxf3 23. Nxf3 Re8 24. Bd6 Nf2 25. Nd4 Bd3 26. c6 bxc6 27. dxc6
Nb6 28. c7 Ne4 29. Bb4 g4 30. Nc6 Nc8 31. Nd4 h5 32. Nc6 Kf7 33. Nd8+ Kf6 34.
c4 Bxc4 35. a4 Ke5 36. Nc6+ Kd5 37. Nd4 Bd3 38. a5 Kc4 39. Ba3 Re5 40. Nc6 Rb5
41. Bb2 Kd5 42. Nd4 Rc5+ 43. Kd1 Rxc7 0-1

[Event "First Saturday IM May 2014"]
[Site "Budapest"]
[Date "2014.05.06"]
[Round "4.2"]
[White "Nguyen, Thi Mai Hung"]
[Black "Mathe, Gaspar"]
[Result "1/2-1/2"]
[WhiteElo "2316"]
[BlackElo "2352"]
[PlyCount "95"]
[EventDate "2014.05.03"]

1. d4 Nf6 2. Nf3 e6 3. e3 c5 4. Bd3 Nc6 5. O-O b6 6. b3 Bb7 7. Bb2 d5 8. Nbd2
cxd4 9. exd4 Bd6 10. Ne5 Qc7 11. f4 O-O 12. a3 a5 13. Qe2 Ne7 14. Rf3 Ng6 15.
Raf1 Rfc8 16. c3 Nf8 17. Rh3 Qe7 18. a4 Rc7 19. g4 Ne8 20. Qe3 Ba6 21. c4 Bb7
22. Bb1 Bb4 23. Qd3 Nf6 24. g5 Ne4 25. Nxe4 dxe4 26. Qe2 Bd6 27. Bxe4 Bxe5 28.
dxe5 Qc5+ 29. Rf2 Rd8 30. Bxb7 Rxb7 31. Qe3 Rd1+ 32. Rf1 Qxe3+ 33. Rxe3 Rbd7
34. Bc3 Ng6 35. Ref3 R7d3 36. Rxd1 Rxd1+ 37. Kf2 Nh4 38. Rh3 Nf5 39. Ke2 Rb1
40. Rd3 h6 41. gxh6 gxh6 42. Kd2 Rf1 43. Rd8+ Kh7 44. Rb8 Rf2+ 45. Kc1 Rf1+ 46.
Kd2 Rf2+ 47. Ke1 Rf3 48. Kd2 1/2-1/2

[Event "First Saturday IM May 2014"]
[Site "Budapest"]
[Date "2014.05.06"]
[Round "4.4"]
[White "Szalanczy, Emil"]
[Black "Szeberenyi, Adam"]
[Result "0-1"]
[WhiteElo "2266"]
[BlackElo "2332"]
[PlyCount "120"]
[EventDate "2014.05.03"]

1. e4 c5 2. Nf3 e6 3. d4 cxd4 4. Nxd4 Nc6 5. Nc3 Qc7 6. Be3 a6 7. Qd2 Nf6 8. f4
Bb4 9. Bd3 Na5 10. O-O Nc4 11. Bxc4 Qxc4 12. Qe2 Qxe2 13. Ndxe2 b5 14. e5 Ng4
15. Bd4 h5 16. Ne4 Bb7 17. Nc5 Bxc5 18. Bxc5 Rc8 19. b4 f6 20. h3 Nh6 21. Nd4
Kf7 22. Rae1 Kg6 23. c3 Nf5 24. Nxf5 Kxf5 25. g3 a5 26. a3 axb4 27. axb4 Ra8
28. Ra1 Rxa1 29. Rxa1 fxe5 30. fxe5 Kxe5 31. Kf2 Kf5 32. Ke3 e5 33. Rf1+ Ke6
34. Rf8 Rh6 35. Re8+ Kd5 36. Re7 Bc8 37. Rxg7 d6 38. Bb6 Bxh3 39. Bd8 Rh8 40.
Be7 Bf5 41. Bg5 Rc8 42. Kd2 Ra8 43. Rb7 Ra2+ 44. Ke1 Kc4 45. Rc7+ Kd3 46. Rc6
d5 47. Rc5 Be6 48. Rc6 Bh3 49. g4 Re2+ 50. Kd1 Bxg4 51. Kc1 Rc2+ 52. Kb1 Rxc3
53. Rd6 d4 54. Bf6 Ke4 55. Kb2 Rc4 56. Ka3 d3 57. Rd8 Rd4 58. Kb3 Rxd8 59. Bxd8
d2 60. Kc2 d1=Q+ 0-1

[Event "First Saturday IM May 2014"]
[Site "Budapest"]
[Date "2014.05.06"]
[Round "4.5"]
[White "Farkas, Richard"]
[Black "Fang, Yuxiang"]
[Result "1-0"]
[WhiteElo "2260"]
[BlackElo "2348"]
[PlyCount "107"]
[EventDate "2014.05.03"]

1. e4 e6 2. d4 d5 3. exd5 exd5 4. Nf3 Bd6 5. c4 Nf6 6. Nc3 O-O 7. cxd5 h6 8.
Qb3 Nbd7 9. Be2 Nb6 10. O-O Nbxd5 11. Ne5 Nb6 12. Bf4 Be6 13. Qc2 Nbd5 14. Bg3
Nb4 15. Qc1 Bf5 16. Qf4 Qc8 17. Rfd1 Nbd5 18. Qf3 Nxc3 19. bxc3 Bc2 20. Rd2 Bf5
21. Bc4 Be4 22. Qe2 Bd5 23. Bd3 Re8 24. f4 Be6 25. c4 c5 26. d5 Bf5 27. Qf3
Bxd3 28. Qxd3 Nh5 29. Re2 f6 30. Ng6 Qg4 31. Rae1 Rxe2 32. Qxe2 Qxe2 33. Rxe2
Kh7 34. Nh4 Bxf4 35. Bxf4 Nxf4 36. Re7 b5 37. g3 Ng6 38. Nxg6 Kxg6 39. cxb5 c4
40. Rc7 Rd8 41. Rxc4 Rxd5 42. a4 a6 43. b6 Rd1+ 44. Kg2 Rb1 45. a5 Rb5 46. Rc8
Kf5 47. Ra8 Ke4 48. Rxa6 g5 49. Ra7 Rb2+ 50. Kf1 Kf3 51. Ke1 Rxh2 52. Rf7 Kxg3
53. b7 Rb2 54. a6 1-0

[Event "First Saturday IM May 2014"]
[Site "Budapest"]
[Date "2014.05.07"]
[Round "5.1"]
[White "Annageldyev, Orazly"]
[Black "Chakravarthi, Y.V.K."]
[Result "1-0"]
[WhiteElo "2374"]
[BlackElo "2147"]
[PlyCount "133"]
[EventDate "2014.05.03"]

1. Nf3 d5 2. d4 c6 3. c4 Nf6 4. e3 Bf5 5. Bd3 Bxd3 6. Qxd3 e6 7. O-O Bd6 8.
Nbd2 Nbd7 9. e4 dxe4 10. Nxe4 Nxe4 11. Qxe4 Nf6 12. Qe2 O-O 13. Rd1 Qa5 14. Ne5
Qc7 15. b3 Rfe8 16. Bb2 Bf8 17. Qf3 Rad8 18. Rd3 Bd6 19. Rad1 Qe7 20. h3 Ba3
21. Ba1 Bd6 22. Qe2 Bb8 23. Bc3 Nd7 24. Ba5 Rc8 25. Qe1 Bc7 26. Bb4 Bd6 27.
Bxd6 Qxd6 28. c5 Qc7 29. Nc4 Rcd8 30. Nd6 Re7 31. Rg3 Nf6 32. Rxg7+ Kxg7 33.
Qe5 Red7 34. Qg5+ Kf8 35. Qxf6 Rxd6 36. cxd6 Qxd6 37. Qh6+ Ke8 38. Qxh7 c5 39.
Qh8+ Ke7 40. Qh4+ Ke8 41. d5 a6 42. Qf6 Qc7 43. Re1 Rxd5 44. Rxe6+ fxe6 45.
Qxe6+ Qe7 46. Qg8+ Kd7 47. Qxd5+ Kc7 48. g4 b5 49. g5 Kb6 50. g6 Qf6 51. Qf7
Qg5+ 52. Kf1 Qc1+ 53. Ke2 Qc2+ 54. Kf3 Qd3+ 55. Kg2 Qe4+ 56. Kg3 Qd3+ 57. f3
Qd6+ 58. Kg4 Qd4+ 59. Qf4 Qd7+ 60. Kg5 Ka5 61. h4 Qd8+ 62. Qf6 Qd2+ 63. f4 c4
64. bxc4 bxc4 65. g7 Qg2+ 66. Kh6 Qa8 67. Qf5+ 1-0

[Event "First Saturday IM May 2014"]
[Site "Budapest"]
[Date "2014.05.07"]
[Round "5.2"]
[White "Fang, Yuxiang"]
[Black "Al-Ali, Hussein Ali Hussein"]
[Result "1/2-1/2"]
[WhiteElo "2348"]
[BlackElo "2259"]
[PlyCount "22"]
[EventDate "2014.05.03"]

1. Nf3 Nf6 2. c4 e6 3. d4 Bb4+ 4. Bd2 Qe7 5. g3 O-O 6. Bg2 d5 7. O-O Bxd2 8.
Qxd2 Rd8 9. Qc2 Nc6 10. Nbd2 dxc4 11. Qxc4 e5 1/2-1/2

[Event "First Saturday IM May 2014"]
[Site "Budapest"]
[Date "2014.05.07"]
[Round "5.3"]
[White "Szeberenyi, Adam"]
[Black "Farkas, Richard"]
[Result "1/2-1/2"]
[WhiteElo "2332"]
[BlackElo "2260"]
[PlyCount "111"]
[EventDate "2014.05.03"]

1. c4 Nf6 2. Nf3 g6 3. Nc3 Bg7 4. d4 d5 5. cxd5 Nxd5 6. e4 Nxc3 7. bxc3 c5 8.
Be2 Nc6 9. d5 Ne5 10. Nxe5 Bxe5 11. Bd2 O-O 12. Rb1 Qc7 13. Qc1 e6 14. Bc4 Bxh2
15. Bh6 Re8 16. Bb5 Bd7 17. Bxd7 Qxd7 18. Rxh2 exd5 19. Kf1 Rxe4 20. Rh3 Rae8
21. Re3 b6 22. Rxe4 Rxe4 23. Qg5 Qd6 24. Rd1 Re5 25. Qg3 Qe6 26. a4 f6 27. Bf4
Re4 28. a5 Qf5 29. Be3 Re5 30. axb6 axb6 31. Ra1 Qd3+ 32. Kg1 Qxc3 33. Ra8+ Kf7
34. Ra7+ Re7 35. Rxe7+ Kxe7 36. Qc7+ Ke8 37. Qc6+ Ke7 38. Bf4 Qe1+ 39. Kh2 Qe6
40. Qc7+ Qd7 41. Qxb6 c4 42. Qc5+ Kf7 43. Bd6 Ke6 44. Bb8 Kf7 45. f3 g5 46. Kg1
Kg6 47. Bg3 Qe6 48. Qd4 Qd7 49. Be1 h5 50. Bc3 Qe6 51. Kf2 Qf5 52. Qd2 h4 53.
Qe3 Qd7 54. Kg1 Kf7 55. Kf2 Kg6 56. Kg1 1/2-1/2

[Event "First Saturday IM May 2014"]
[Site "Budapest"]
[Date "2014.05.07"]
[Round "5.4"]
[White "Atabayev, Saparmyrat"]
[Black "Szalanczy, Emil"]
[Result "1-0"]
[WhiteElo "2273"]
[BlackElo "2266"]
[PlyCount "75"]
[EventDate "2014.05.03"]

1. e4 c5 2. Nf3 d6 3. d4 cxd4 4. Nxd4 Nf6 5. Nc3 g6 6. Be3 Bg7 7. f3 Nc6 8. Qd2
O-O 9. O-O-O Nxd4 10. Bxd4 Be6 11. Kb1 Rc8 12. g4 Re8 13. h4 Qa5 14. a3 h5 15.
gxh5 Nxh5 16. Rg1 Bxd4 17. Qxd4 Qc5 18. Rg5 Qxd4 19. Rxd4 Kg7 20. Rb4 b6 21. a4
Rh8 22. a5 bxa5 23. Rxa5 Ng3 24. Bd3 Rxh4 25. Kc1 Rf4 26. Rxa7 Rxf3 27. Rxe7 g5
28. Kd2 Kf6 29. Rbb7 g4 30. Nd5+ Kg5 31. Nc7 Rxc7 32. Rbxc7 Nh5 33. Be2 Rf4 34.
Ke3 Nf6 35. Rxe6 fxe6 36. Rg7+ Kh6 37. Kxf4 Kxg7 38. Bxg4 1-0

[Event "First Saturday IM May 2014"]
[Site "Budapest"]
[Date "2014.05.07"]
[Round "5.6"]
[White "Keschitz, Gyorgy"]
[Black "Nguyen, Thi Mai Hung"]
[Result "1/2-1/2"]
[WhiteElo "2280"]
[BlackElo "2316"]
[PlyCount "94"]
[EventDate "2014.05.03"]

1. d4 d5 2. Nf3 Nf6 3. a3 Bf5 4. c4 c6 5. cxd5 cxd5 6. Qb3 Qb6 7. Qxb6 axb6 8.
Nc3 Nc6 9. Bf4 e6 10. e3 Be7 11. Rc1 O-O 12. Bb5 Rfc8 13. O-O Nh5 14. Bg3 Nxg3
15. hxg3 h6 16. Na4 Bd8 17. Nd2 Kf8 18. Nb3 Na7 19. Be2 Rc2 20. Bd1 Rxc1 21.
Nxc1 Nb5 22. Na2 Nd6 23. Bb3 b5 24. N4c3 Nc4 25. Bxc4 bxc4 26. f3 Bg6 27. Rd1
Bb6 28. Kf2 Rd8 29. Nc1 f6 30. N1e2 Kf7 31. g4 Bd3 32. Nf4 Bc2 33. Rd2 Bh7 34.
Nfe2 g5 35. Rd1 Bg6 36. Rh1 Kg7 37. Rd1 h5 38. gxh5 Bxh5 39. a4 Bg6 40. Rh1 Kf7
41. Nb5 Kg7 42. Ng3 Ba5 43. Nh5+ Kf7 44. Rh2 Bd2 45. Rh1 Ba5 46. Rh2 Bd2 47.
Rh1 Ba5 1/2-1/2